Black Clover Personnages sur les Tranches des Tomes - Statistiques

Statistiques générales
  • Ce quiz a été pris 17 fois
  • Le résultat moyen est 12 sur 37
Statistiques - réponses
Volume Personnage % Correct
Tome 1 Asta
100%
Tome 2 Yuno Grinberryall
100%
Tome 3 Noelle Silva
87%
Tome 6 Yami Sukehiro
53%
Tome 14 Finral Roulacase
40%
Tome 4 Fuegoleon Vermillion
40%
Tome 8 Luck Voltia
40%
Tome 15 Mereoleona Vermillion
40%
Tome 9 Charmy Pappitson
33%
Tome 18 Henry Legolant
33%
Tome 16 Julius Novachrono
33%
Tome 7 Magna Swing
33%
Tome 11 Mars
33%
Tome 5 Mimosa Vermillion
33%
Tome 27 Nacht Faust
33%
Tome 10 Vanessa Enoteca
33%
Tome 13 Zora Ideale
33%
Tome 12 Charlotte Roselei
27%
Tome 25 Dante Zogratis
27%
Tome 36 Grey
27%
Tome 28 Jack l'Éventreur
27%
Tome 23 Nero / Secre Swallowtail
27%
Tome 37 Gordon Agrippa
20%
Tome 31 Langris Vaude
20%
Tome 29 Liebe
20%
Tome 33 Lily Aquaria
20%
Tome 19 Nozel Silva
20%
Tome 21 Patry
20%
Tome 17 Ryah
20%
Tome 32 Sekke Bronzazza
20%
Tome 26 Vanica Zogratis
20%
Tome 34 Yami Ichika
20%
Tome 24 Zenon Zogratis
20%
Tome 20 Gosh Adley
13%
Tome 22 Lumiel Silvamillion Clover
13%
Tome 30 Gadjah
7%
Tome 35 Ryûdô Ryûya
7%
Aucun quiz correspondant
Distribution des résultats
% des personnes avec chaque résultat
Percentile par nombre de réponses
Votre historique - résultats
Vous n’avez pas pris ce quiz